<?xml version="1.0" encoding="UTF-8"?>
<record
    xmlns:xsi="http://www.w3.org/2001/XMLSchema-instance"
    xsi:schemaLocation="http://www.loc.gov/MARC21/slim http://www.loc.gov/standards/marcxml/schema/MARC21slim.xsd"
    xmlns="http://www.loc.gov/MARC21/slim">

  <leader>01656nam a22002897a 4500</leader>
  <controlfield tag="005">20100811115035.0</controlfield>
  <controlfield tag="008">081119t        xxu||||| |||| 00| 0 ur d</controlfield>
  <datafield tag="010" ind1=" " ind2=" ">
    <subfield code="a">B-283656-660, UR-7665</subfield>
  </datafield>
  <datafield tag="020" ind1=" " ind2=" ">
    <subfield code="c">350.00</subfield>
  </datafield>
  <datafield tag="035" ind1=" " ind2=" ">
    <subfield code="a">6220</subfield>
  </datafield>
  <datafield tag="040" ind1=" " ind2=" ">
    <subfield code="a">DPL</subfield>
    <subfield code="b">UR</subfield>
  </datafield>
  <datafield tag="082" ind1=" " ind2=" ">
    <subfield code="a">&#x6A9;</subfield>
  </datafield>
  <datafield tag="100" ind1=" " ind2=" ">
    <subfield code="a">&#x645;&#x62C;&#x6CC;&#x628; &#x627;&#x62D;&#x645;&#x62F;</subfield>
    <subfield code="9">10685</subfield>
  </datafield>
  <datafield tag="245" ind1=" " ind2=" ">
    <subfield code="a">&#x6AF;&#x644;&#x633;&#x62A;&#x627;&#x6BA; &#x627;&#x648;&#x631; &#x628;&#x6BE;&#x6CC; &#x6C1;&#x6CC;&#x6BA;: </subfield>
    <subfield code="c">&#x645;&#x62C;&#x628;&#x6CC;&#x628; &#x627;&#x62D;&#x645;&#x62F; </subfield>
    <subfield code="b"> &#x62D;&#x62C;&#x627;&#x628; &#x627; &#x645;&#x62A;&#x6CC;&#x627;&#x632; &#x639;&#x644;&#x6CC; &#x6A9;&#x6D2; &#x627;&#x641;&#x633;&#x627;&#x646;&#x6D2; /</subfield>
  </datafield>
  <datafield tag="246" ind1=" " ind2=" ">
    <subfield code="a">Gulsitan aur bhi hain: Hijab Imteaz Ali ke afsane</subfield>
    <subfield code="b">by Mujeeb Ahmad </subfield>
  </datafield>
  <datafield tag="260" ind1=" " ind2=" ">
    <subfield code="a">&#x62F;&#x6C1;&#x644;&#x6CC;</subfield>
    <subfield code="b">&#x6A9;&#x6CC;&#x62A;&#x627;&#x628;&#x6CC; &#x62F;&#x646;&#x6CC;&#x627;</subfield>
    <subfield code="c">2008</subfield>
  </datafield>
  <datafield tag="270" ind1=" " ind2=" ">
    <subfield code="a">1955, Gali Nawab Mirza, Turkman Gate </subfield>
    <subfield code="b">Delhi</subfield>
    <subfield code="e">110006</subfield>
    <subfield code="m">kitabiduniya@rediffmail.com</subfield>
  </datafield>
  <datafield tag="300" ind1=" " ind2=" ">
    <subfield code="a">343 &#x635;</subfield>
    <subfield code="c">22 &#x633; &#x645; (Hb)</subfield>
  </datafield>
  <datafield tag="650" ind1=" " ind2=" ">
    <subfield code="a">Urdu story</subfield>
    <subfield code="9">10686</subfield>
  </datafield>
  <datafield tag="942" ind1=" " ind2=" ">
    <subfield code="2">ddc</subfield>
    <subfield code="c">UR</subfield>
    <subfield code="h">&#x6A9;</subfield>
    <subfield code="m">&#x645; &#x62C; &#x6CC;</subfield>
  </datafield>
  <datafield tag="999" ind1=" " ind2=" ">
    <subfield code="c">18726</subfield>
    <subfield code="d">18726</subfield>
  </datafield>
  <datafield tag="952" ind1=" " ind2=" ">
    <subfield code="0">0</subfield>
    <subfield code="1">0</subfield>
    <subfield code="2">ddc</subfield>
    <subfield code="4">0</subfield>
    <subfield code="7">0</subfield>
    <subfield code="8">FIC</subfield>
    <subfield code="a">L</subfield>
    <subfield code="b">L</subfield>
    <subfield code="d">2008-11-19</subfield>
    <subfield code="g">350.00</subfield>
    <subfield code="l">0</subfield>
    <subfield code="o">&#x6A9; &#x6AF; &#x644; &#x633;</subfield>
    <subfield code="p">B-283656</subfield>
    <subfield code="r">2008-11-19 00:00:00</subfield>
    <subfield code="t">1</subfield>
    <subfield code="v">350.00</subfield>
    <subfield code="w">2008-11-19</subfield>
    <subfield code="y">UR</subfield>
  </datafield>
  <datafield tag="952" ind1=" " ind2=" ">
    <subfield code="0">0</subfield>
    <subfield code="1">0</subfield>
    <subfield code="2">ddc</subfield>
    <subfield code="4">0</subfield>
    <subfield code="7">0</subfield>
    <subfield code="8">FIC</subfield>
    <subfield code="a">BL1</subfield>
    <subfield code="b">BL1</subfield>
    <subfield code="d">2008-11-19</subfield>
    <subfield code="g">350.00</subfield>
    <subfield code="l">0</subfield>
    <subfield code="o">&#x6A9; &#x6AF; &#x644; &#x633;</subfield>
    <subfield code="p">B-283657</subfield>
    <subfield code="r">2008-11-19 00:00:00</subfield>
    <subfield code="t">1</subfield>
    <subfield code="v">350.00</subfield>
    <subfield code="w">2008-11-19</subfield>
    <subfield code="y">UR</subfield>
  </datafield>
  <datafield tag="952" ind1=" " ind2=" ">
    <subfield code="0">0</subfield>
    <subfield code="1">0</subfield>
    <subfield code="2">ddc</subfield>
    <subfield code="4">0</subfield>
    <subfield code="7">0</subfield>
    <subfield code="8">FIC</subfield>
    <subfield code="a">ZLSR</subfield>
    <subfield code="b">ZLS</subfield>
    <subfield code="d">2008-11-19</subfield>
    <subfield code="g">350.00</subfield>
    <subfield code="l">0</subfield>
    <subfield code="o">&#x6A9; &#x6AF; &#x644; &#x633;</subfield>
    <subfield code="p">B-283658</subfield>
    <subfield code="r">2008-11-19 00:00:00</subfield>
    <subfield code="t">1</subfield>
    <subfield code="v">350.00</subfield>
    <subfield code="w">2008-11-19</subfield>
    <subfield code="y">UR</subfield>
  </datafield>
  <datafield tag="952" ind1=" " ind2=" ">
    <subfield code="0">0</subfield>
    <subfield code="1">0</subfield>
    <subfield code="2">ddc</subfield>
    <subfield code="4">0</subfield>
    <subfield code="7">0</subfield>
    <subfield code="8">FIC</subfield>
    <subfield code="a">BL3</subfield>
    <subfield code="b">BL3</subfield>
    <subfield code="d">2008-11-19</subfield>
    <subfield code="g">350.00</subfield>
    <subfield code="l">0</subfield>
    <subfield code="o">&#x6A9; &#x6AF; &#x644; &#x633;</subfield>
    <subfield code="p">B-283659</subfield>
    <subfield code="r">2008-11-19 00:00:00</subfield>
    <subfield code="t">1</subfield>
    <subfield code="v">350.00</subfield>
    <subfield code="w">2008-11-19</subfield>
    <subfield code="y">UR</subfield>
  </datafield>
  <datafield tag="952" ind1=" " ind2=" ">
    <subfield code="0">0</subfield>
    <subfield code="1">0</subfield>
    <subfield code="2">ddc</subfield>
    <subfield code="4">0</subfield>
    <subfield code="7">0</subfield>
    <subfield code="8">FIC</subfield>
    <subfield code="a">BL4</subfield>
    <subfield code="b">BL4</subfield>
    <subfield code="d">2008-11-19</subfield>
    <subfield code="g">350.00</subfield>
    <subfield code="l">0</subfield>
    <subfield code="o">&#x6A9; &#x6AF; &#x644; &#x633;</subfield>
    <subfield code="p">B-283660</subfield>
    <subfield code="r">2008-11-19 00:00:00</subfield>
    <subfield code="t">1</subfield>
    <subfield code="v">350.00</subfield>
    <subfield code="w">2008-11-19</subfield>
    <subfield code="y">UR</subfield>
  </datafield>
  <datafield tag="952" ind1=" " ind2=" ">
    <subfield code="0">0</subfield>
    <subfield code="1">0</subfield>
    <subfield code="2">ddc</subfield>
    <subfield code="4">0</subfield>
    <subfield code="7">1</subfield>
    <subfield code="8">FIC</subfield>
    <subfield code="a">DBAD</subfield>
    <subfield code="b">DBAD</subfield>
    <subfield code="d">2010-08-11</subfield>
    <subfield code="e">DBAD/PUB</subfield>
    <subfield code="g">350.00</subfield>
    <subfield code="l">0</subfield>
    <subfield code="o">&#x6A9; &#x645; &#x62C; &#x6CC;</subfield>
    <subfield code="p">U-6220</subfield>
    <subfield code="r">2010-08-11 00:00:00</subfield>
    <subfield code="t">1</subfield>
    <subfield code="v">350.00</subfield>
    <subfield code="w">2010-08-11</subfield>
    <subfield code="y">UR</subfield>
  </datafield>
</record>
